Adobe photoshop 5.0 : classroom in a book

Bibliographic Details
Format: Book
Published: United States : Adobe Press Publishers , 1998
Subjects:

MARC

LEADER 00000cam a2200000 7i4500
001 0000022964
005 20080915.0
008 080815
020 |a 1568304668 
090 0 0 |a 006.6869   |b ADO 
245 1 0 |a Adobe photoshop 5.0 :   |b classroom in a book 
260 |a United States :   |b Adobe Press Publishers ,   |c 1998 
650 0 |a Adobe photoshop 
650 0 |a Computer graphics 
999 |a 0001023652   |b Book   |c REFERENCE   |e Cawangan Urban Transformation Centre 
999 |a CD01023652   |b CD-ROM   |c REFERENCE   |e Perbadanan Perpustakaan Awam Johor